<?xml version="1.0" encoding="UTF-8"?>
<record
    xmlns:xsi="http://www.w3.org/2001/XMLSchema-instance"
    xsi:schemaLocation="http://www.loc.gov/MARC21/slim http://www.loc.gov/standards/marcxml/schema/MARC21slim.xsd"
    xmlns="http://www.loc.gov/MARC21/slim">

  <leader>06689nam a22014537i 4500</leader>
  <controlfield tag="001">q6zcj4bvnq3dk2p6</controlfield>
  <controlfield tag="003">LIBRIS</controlfield>
  <controlfield tag="005">20260329153808.0</controlfield>
  <controlfield tag="008">221123t20062006gw ab||||b||||000 0|eng|d</controlfield>
  <datafield tag="020" ind1=" " ind2=" ">
    <subfield code="a">9783836535601</subfield>
    <subfield code="q">(hbk.)</subfield>
  </datafield>
  <datafield tag="040" ind1=" " ind2=" ">
    <subfield code="a">Za</subfield>
    <subfield code="b">eng</subfield>
    <subfield code="c">AEHBU</subfield>
    <subfield code="e">i</subfield>
    <subfield code="e">rda</subfield>
  </datafield>
  <datafield tag="041" ind1=" " ind2=" ">
    <subfield code="a">eng</subfield>
  </datafield>
  <datafield tag="082" ind1="0" ind2="4">
    <subfield code="a">724.6 S65 2009</subfield>
    <subfield code="2">22 (machine generated)</subfield>
  </datafield>
  <datafield tag="084" ind1=" " ind2=" ">
    <subfield code="a">Ic.55</subfield>
    <subfield code="2">kssb/8</subfield>
  </datafield>
  <datafield tag="100" ind1="1" ind2=" ">
    <subfield code="a">Smith, Elizabeth A. T.,</subfield>
    <subfield code="d">1958-</subfield>
    <subfield code="4">aut</subfield>
  </datafield>
  <datafield tag="245" ind1="1" ind2="0">
    <subfield code="a">Case study houses :</subfield>
    <subfield code="b">1945-1966 : the California impetus /</subfield>
    <subfield code="c">Elizabeth A.T. Smith.</subfield>
  </datafield>
  <datafield tag="250" ind1=" " ind2=" ">
    <subfield code="a">English edition.</subfield>
  </datafield>
  <datafield tag="264" ind1=" " ind2="1">
    <subfield code="a">K&#xFFFD;ln :</subfield>
    <subfield code="b">Taschen,</subfield>
    <subfield code="c">[2006]</subfield>
  </datafield>
  <datafield tag="264" ind1=" " ind2="4">
    <subfield code="c">&#xFFFD;2021</subfield>
  </datafield>
  <datafield tag="300" ind1=" " ind2=" ">
    <subfield code="a">96 pages</subfield>
    <subfield code="b">illustrations (some color), color maps</subfield>
    <subfield code="c">27 cm</subfield>
  </datafield>
  <datafield tag="336" ind1=" " ind2=" ">
    <subfield code="a">text</subfield>
    <subfield code="b">txt</subfield>
    <subfield code="2">rdacontent</subfield>
  </datafield>
  <datafield tag="337" ind1=" " ind2=" ">
    <subfield code="a">unmediated</subfield>
    <subfield code="b">n</subfield>
    <subfield code="2">rdamedia</subfield>
  </datafield>
  <datafield tag="338" ind1=" " ind2=" ">
    <subfield code="a">volume</subfield>
    <subfield code="b">nc</subfield>
    <subfield code="2">rdacarrier</subfield>
  </datafield>
  <datafield tag="490" ind1="1" ind2=" ">
    <subfield code="a">Basic art series 2.0</subfield>
  </datafield>
  <datafield tag="504" ind1=" " ind2=" ">
    <subfield code="a">Includes bibliographical references (page 96).</subfield>
  </datafield>
  <datafield tag="520" ind1=" " ind2=" ">
    <subfield code="a">The Case Study House program (19451966) was a unique event in the history of American architecture. Sponsored by Arts &amp; Architecture magazine, the program sought to respond to the postwar building boom with prototype modern homes that could be both easily replicated and readily affordable to the average American. Concentrated on the Los Angeles area, the Case Study Houses included 36 model homes commissioned from such major architects of the day as Richard Neutra, Raphael Soriano, Craig Ellwood, Charles and Ray Eames, Pierre Koenig, Eero Saarinen, A. Quincy Jones, and Ralph Rapson. Their criteria included using, as far as is practicable, many war-born techniques and materials best suited to the expression of mans life in the modern world. The results of the program would redefine the modern home and extend influence not only across the United States but around the world. This compact guide includes all of the Case Study Houses with over 150 photos and plans, as well as a map showing locations of all sites, including those that no longer exist.</subfield>
  </datafield>
  <datafield tag="650" ind1=" " ind2="7">
    <subfield code="a">Bostadshus</subfield>
    <subfield code="0">https://id.kb.se/term/sao/Bostadshus</subfield>
    <subfield code="2">sao</subfield>
  </datafield>
  <datafield tag="650" ind1=" " ind2="7">
    <subfield code="a">Bost&#xFFFD;der</subfield>
    <subfield code="0">https://id.kb.se/term/sao/Bost%C3%A4der</subfield>
    <subfield code="2">sao</subfield>
  </datafield>
  <datafield tag="650" ind1=" " ind2="7">
    <subfield code="a">Arkitektur</subfield>
    <subfield code="0">https://id.kb.se/term/sao/Arkitektur</subfield>
    <subfield code="2">sao</subfield>
  </datafield>
  <datafield tag="650" ind1=" " ind2="0">
    <subfield code="a">Dwellings</subfield>
    <subfield code="z">California, Southern</subfield>
    <subfield code="x">Design and construction.</subfield>
  </datafield>
  <datafield tag="650" ind1=" " ind2="0">
    <subfield code="a">Architecture, Domestic</subfield>
    <subfield code="z">California, Southern.</subfield>
  </datafield>
  <datafield tag="650" ind1=" " ind2="7">
    <subfield code="a">Architecture, Domestic.</subfield>
    <subfield code="2">fast</subfield>
  </datafield>
  <datafield tag="650" ind1=" " ind2="7">
    <subfield code="a">Dwellings</subfield>
    <subfield code="x">Design and construction.</subfield>
    <subfield code="2">fast</subfield>
  </datafield>
  <datafield tag="650" ind1=" " ind2="0">
    <subfield code="a">Dwellings</subfield>
  </datafield>
  <datafield tag="650" ind1=" " ind2="0">
    <subfield code="a">Dwellings</subfield>
  </datafield>
  <datafield tag="650" ind1=" " ind2="0">
    <subfield code="a">Housing</subfield>
  </datafield>
  <datafield tag="650" ind1=" " ind2="0">
    <subfield code="a">Architecture</subfield>
  </datafield>
  <datafield tag="651" ind1=" " ind2="7">
    <subfield code="a">F&#xFFFD;renta staterna</subfield>
    <subfield code="0">https://id.kb.se/term/sao/F%C3%B6renta%20staterna</subfield>
    <subfield code="2">sao</subfield>
  </datafield>
  <datafield tag="651" ind1=" " ind2="7">
    <subfield code="a">F&#xFFFD;renta staterna</subfield>
    <subfield code="z">Kalifornien</subfield>
    <subfield code="0">https://id.kb.se/term/sao/F%C3%B6renta%20staterna--Kalifornien</subfield>
    <subfield code="2">sao</subfield>
  </datafield>
  <datafield tag="651" ind1=" " ind2="7">
    <subfield code="a">California, Southern.</subfield>
    <subfield code="2">fast</subfield>
  </datafield>
  <datafield tag="830" ind1=" " ind2="0">
    <subfield code="a">Basic art series 2.0</subfield>
  </datafield>
  <datafield tag="887" ind1=" " ind2=" ">
    <subfield code="a">{"@id":"q6zcj4bvnq3dk2p6","modified":"2022-11-23T15:12:36.256+01:00"}</subfield>
    <subfield code="2">librisxl</subfield>
  </datafield>
  <datafield tag="887" ind1=" " ind2=" ">
    <subfield code="a">{"@id":"hzq49zh0fnwxft00","modified":"2022-11-23T15:13:14.331+01:00"}</subfield>
    <subfield code="2">librisxl</subfield>
  </datafield>
  <datafield tag="942" ind1=" " ind2=" ">
    <subfield code="2">ddc</subfield>
    <subfield code="c">BK-EN</subfield>
    <subfield code="n">0</subfield>
  </datafield>
  <datafield tag="951" ind1=" " ind2="s">
    <subfield code="6">651,651</subfield>
    <subfield code="a">Nordamerikas F&#xFFFD;renta stater</subfield>
  </datafield>
  <datafield tag="951" ind1=" " ind2="s">
    <subfield code="6">651,651</subfield>
    <subfield code="a">Amerikas f&#xFFFD;renta stater</subfield>
  </datafield>
  <datafield tag="951" ind1=" " ind2="s">
    <subfield code="6">651,651</subfield>
    <subfield code="a">United States of America</subfield>
  </datafield>
  <datafield tag="951" ind1=" " ind2="s">
    <subfield code="6">651,651</subfield>
    <subfield code="a">U.S.</subfield>
  </datafield>
  <datafield tag="951" ind1=" " ind2="s">
    <subfield code="6">651,651</subfield>
    <subfield code="a">USA</subfield>
  </datafield>
  <datafield tag="951" ind1=" " ind2="s">
    <subfield code="6">651</subfield>
    <subfield code="a">Kalifornien</subfield>
    <subfield code="z">Kalifornien</subfield>
  </datafield>
  <datafield tag="951" ind1=" " ind2="s">
    <subfield code="6">651</subfield>
    <subfield code="a">Californien</subfield>
    <subfield code="z">Kalifornien</subfield>
  </datafield>
  <datafield tag="999" ind1=" " ind2=" ">
    <subfield code="c">8657</subfield>
    <subfield code="d">8657</subfield>
  </datafield>
  <datafield tag="952" ind1=" " ind2=" ">
    <subfield code="0">0</subfield>
    <subfield code="1">0</subfield>
    <subfield code="2">ddc</subfield>
    <subfield code="4">0</subfield>
    <subfield code="7">0</subfield>
    <subfield code="a">CENTRAL</subfield>
    <subfield code="b">TUWAIQ</subfield>
    <subfield code="d">2026-03-29</subfield>
    <subfield code="l">0</subfield>
    <subfield code="o">724.6 S65 2009</subfield>
    <subfield code="p">1000000025867</subfield>
    <subfield code="r">2026-03-29 15:39:23</subfield>
    <subfield code="w">2026-03-29</subfield>
    <subfield code="y">BK-EN</subfield>
  </datafield>
</record>
